Microsoft SQL server 2000 performance tunning technical reference / (Record no. 134983)

MARC details
000 -LEADER
fixed length control field 00745nam a22002297a 4500
005 - DATE AND TIME OF LATEST TRANSACTION
control field 20170124110238.0
010 ## - LIBRARY OF CONGRESS CONTROL NUMBER
LC control number B-062812
020 ## - INTERNATIONAL STANDARD BOOK NUMBER
Terms of availability 595.00
International Standard Book Number 8120319397
035 ## - SYSTEM CONTROL NUMBER
System control number B-062812
037 ## - SOURCE OF ACQUISITION
Source of stock number/acquisition Cen Lib/Ret
040 ## - CATALOGING SOURCE
Original cataloging agency DPL
Language of cataloging EN
082 ## - DEWEY DECIMAL CLASSIFICATION NUMBER
Classification number 005.754
Item number MIC
245 ## - TITLE STATEMENT
Title Microsoft SQL server 2000 performance tunning technical reference /
Statement of responsibility, etc by Edward Whalen...[et al]
260 ## - PUBLICATION, DISTRIBUTION, ETC. (IMPRINT)
Place of publication, distribution, etc New Delhi
Name of publisher, distributor, etc Prentice Hall of India
Date of publication, distribution, etc 2001
270 ## - ADDRESS
Address M-97, connaught circus
City New Delhi
Postal code 110001
300 ## - PHYSICAL DESCRIPTION
Extent xix, 438p.
Dimensions 23cm(Hb)
500 ## - GENERAL NOTE
General note Includes appendix, index and glossary
650 ## - SUBJECT ADDED ENTRY--TOPICAL TERM
Topical term or geographic name as entry element Computer science
9 (RLIN) 43650
650 ## - SUBJECT ADDED ENTRY--TOPICAL TERM
Topical term or geographic name as entry element SQL server
9 (RLIN) 43651
700 ## - ADDED ENTRY--PERSONAL NAME
Personal name Whalen, Edward
9 (RLIN) 438
942 ## - ADDED ENTRY ELEMENTS (KOHA)
Source of classification or shelving scheme Dewey Decimal Classification
Koha item type English Books
Classification part 005.754
Call number suffix MIC
Holdings
Withdrawn status Lost status Damaged status Not for loan Home library Current library Date acquired Source of acquisition Cost, normal purchase price Total Checkouts Full call number Barcode Date last seen Copy number Cost, replacement price Price effective from Koha item type
Withdrawn       Central Library Central Library 04/08/2015 Cen Lib/Ret 595.00   005.754 MIC B-062812 04/08/2015 1 595.00 04/08/2015 English Books

© Delhi Public Library
Hit Counter
free hit counter